000 00923nam a22002897a 4500
001 BR2020000547
003 BR-BrBNA
005 20230928105545.0
007 ta
008 230509b bl.||||| |||| 00| 0 por d
040 _aBR-BrBNA
_bpor
_cBiblioteca Nacional de Agricultura
041 _a(Por)
072 _aE40; E14; E70
090 _ E40 BR2020000547
110 1 _aFundação Banco do Brasil, Brasília, DF (Brasil)
_94779
110 1 _aUnião Nacional das Cooperativas da Agricultura Familiar e Economia Solidária, Brasília, DF (Brasil)
245 1 _aEstratégias de acesso a mercados para agricultura familiar
260 3 _aBrasília, DF (Brasil):
_c2013.
300 _a66 p.
650 _aAGRICULTURA FAMILIAR
650 _aCOOPERATIVA DE PRODUTORES
650 _aPOLÍTICAS PÚBLICAS
650 _aMERCADO
650 _aECONOMIA AGRÍCOLA
909 _a202309
_bLucia
_c55
_dLucia Elande
942 _cBK
999 _c85640
_d85640